000 00282nam a2200109 a 4500
005 20140414132059.0
008 110805s19uu xx 00 eng d
050 _aTR 523.2
_bS1 2000
245 _a3-D Thrillers! Solar System.
260 _aChina :
_bArcturus,
_c2000.
999 _c114403
_d114403